000 00291nam a22001337a 4500
008 210303b ||||| |||| 00| 0 eng d
020 _a9781133188124
041 _aeng
080 _a330.101.541
100 _a52
101 _aMAKRO
245 _aEconomics
_cMcEachen,A.W
942 _2udc
_cBK
999 _c55627
_d55627